[Event "Sonderjysk EMT Gruppe 2 2007"]
[Site "Agerskov"]
[Date "2007.09.29"]
[Round "7"]
[White "Bertelsen, Jorn"]
[Black "Jessen, Morten"]
[Result "1-0"]
[WhiteElo "1524"]
[BlackElo "1244"]
[PlyCount "68"]
[EventDate "2007.??.??"]

1. e4 c5 2. Nc3 Nc6 3. Nf3 d6 4. Bc4 Bg4 5. Bxf7+ Kd7 6. h3 Bxf3 7. Qxf3 Nd4 8.
Qd3 Nf6 9. Ne2 Nc6 10. Bb3 a6 11. O-O b5 12. Bd5 Nb4 13. Qb3 Nbxd5 14. exd5 c4
15. Qf3 Rc8 16. Nd4 Qb6 17. Qf5+ Kc7 18. Ne6+ Kb8 19. d3 Qb7 20. dxc4 Rxc4 21.
b3 Rc8 22. c4 bxc4 23. bxc4 Ka8 24. Rb1 Qd7 25. Qd3 Qa4 26. Qb3 Qxb3 27. axb3
Nd7 28. Be3 Nc5 29. Bxc5 dxc5 30. Ra1 Kb7 31. Ra5 Kb6 32. Rfa1 g6 33. Rxa6+ Kb7
34. Ra7+ Kb8 1-0

[Event "Sonderjysk EMT Gruppe 2 2007"]
[Site "Agerskov"]
[Date "2007.09.29"]
[Round "7"]
[White "Jensen, Henry"]
[Black "Clausen, Jorgen"]
[Result "1-0"]
[WhiteElo "1441"]
[BlackElo "1509"]
[PlyCount "115"]
[EventDate "2007.??.??"]

1. d4 d5 2. Nf3 Bf5 3. e3 Nf6 4. c4 e6 5. a3 h6 6. Nc3 Nbd7 7. cxd5 exd5 8. Qb3
Nb6 9. Ne5 c6 10. Qd1 Bd6 11. Qf3 Be6 12. h3 O-O 13. Bd3 Nfd7 14. Nxd7 Bxd7 15.
Ne2 Nc8 16. O-O Ne7 17. e4 dxe4 18. Qxe4 Ng6 19. f4 Re8 20. Qf3 Qf6 21. Qf2 Bc7
22. Bd2 Bb6 23. Bc3 Bf5 24. Bxf5 Qxf5 25. Rae1 Qd5 26. f5 Ne7 27. f6 Ng6 28.
fxg7 Kxg7 29. Qf6+ Kg8 30. Kh1 Bd8 31. Qf3 Qxf3 32. Rxf3 Bc7 33. Rf2 a5 34.
Ref1 Re7 35. Nc1 Rd8 36. Nb3 b6 37. Nd2 Rde8 38. Nc4 Nf8 39. Rf6 Ne6 40. Ne5
Bxe5 41. dxe5 Kg7 42. R6f3 Rh8 43. Rd3 Rh7 44. Rd6 Rc7 45. g3 h5 46. h4 Rh6 47.
Rf5 Kg6 48. Rf3 Kg7 49. Kg2 Rg6 50. Rf5 Kh6 51. Bd2+ Kg7 52. Rxh5 Re7 53. Bc3
Nf4+ 54. Kf3 Nxh5 55. g4 Ree6 56. gxh5 Rxd6 57. exd6+ Kf8 58. hxg6 1-0